Makanan berbahaya : (Record no. 21779)
[ view plain ]
| 000 -LEADER | |
|---|---|
| fixed length control field | 00671nam a2200229#a 4500 |
| 001 - CONTROL NUMBER | |
| control field | 00135 |
| 003 - CONTROL NUMBER IDENTIFIER | |
| control field | HDC |
| 007 - PHYSICAL DESCRIPTION FIXED FIELD--GENERAL INFORMATION | |
| fixed length control field | ta |
| 008 - FIXED-LENGTH DATA ELEMENTS--GENERAL INFORMATION | |
| fixed length control field | 230623s2006 xx 000 0 eng d |
| 020 ## - INTERNATIONAL STANDARD BOOK NUMBER | |
| International Standard Book Number | 9831040546 (pbk.). |
| 040 ## - CATALOGING SOURCE | |
| Original cataloging agency | HDC |
| 050 ## - LIBRARY OF CONGRESS CALL NUMBER | |
| Classification number | TX 531 |
| Item number | .D356 2002 |
| 245 #0 - TITLE STATEMENT | |
| Title | Makanan berbahaya : |
| Remainder of title | panduan CAP mengenai bahaya tersembunyi dalam makanan / |
| Statement of responsibility, etc. | Persatuan Pengguna Pulau Pinaang |
| 264 ## - PRODUCTION, PUBLICATION, DISTRIBUTION, MANUFACTURE, AND COPYRIGHT NOTICE | |
| Place of production, publication, distribution, manufacture | Pulau Pinang : |
| Name of producer, publisher, distributor, manufacturer | Persatuan Pengguna Pulau Pinanag, |
| Date of production, publication, distribution, manufacture, or copyright notice | 2006 |
| 300 ## - PHYSICAL DESCRIPTION | |
| Extent | 326p. : |
| Other physical details | ill. ; |
| Dimensions | 21cm |
| 440 ## - SERIES STATEMENT/ADDED ENTRY--TITLE | |
| Title | Panduan Persatuan Pengguna Pulau Pinaang |
| 650 ## - SUBJECT ADDED ENTRY--TOPICAL TERM | |
| Topical term or geographic name entry element | Food contamination |
| 942 ## - ADDED ENTRY ELEMENTS (KOHA) | |
| Source of classification or shelving scheme | Library of Congress Classification |
| 942 ## - ADDED ENTRY ELEMENTS (KOHA) | |
| Koha item type | Book |
| 942 ## - ADDED ENTRY ELEMENTS (KOHA) | |
| Call number prefix | TX 531 |
| 942 ## - ADDED ENTRY ELEMENTS (KOHA) | |
| Call number suffix | .D356 2002 |
| Withdrawn status | Lost status | Source of classification or shelving scheme | Damaged status | Not for loan | Collection | Home library | Current library | Shelving location | Date acquired | Total checkouts | Full call number | Barcode | Date last seen | Price effective from | Koha item type |
|---|---|---|---|---|---|---|---|---|---|---|---|---|---|---|---|
| Library of Congress Classification | Non-fiction | Halal Development Corporation Library | Halal Development Corporation Library | Open Shelves | 17/11/2020 | TX 531 .D356 2002 | HDC 0000100 | 24/05/2023 | 24/05/2023 | Book |
